Southville International School and Colleges
Your cart is empty.
  • Cart
  • Lists
    Public lists Eva Luna New books Lux_list list_1
    Your lists Log in to create your own lists
  • Log in to your account
  • Your cookies
  • Search history
Southville International School and Colleges
  • Advanced search
  • Recent comments
  • Most popular
  • Libraries

Log in to your account

Log in with GOOGLE


If you do not have an external account, but do have a local account, you can still log in:

  1. Home
  2. MARC view: Fundamentals of human resource management /
Normal view MARC view ISBD view

Fundamentals of human resource management / (Record no. 22576)

[ view plain ]
MARC details
000 -LEADER
fixed length control field 00617nam a2200205 a 4500
005 - DATE AND TIME OF LATEST TRANSACTION
control field 20140310183416.0
008 - FIXED-LENGTH DATA ELEMENTS--GENERAL INFORMATION
fixed length control field 070919s19uu xx 00 eng d
020 ## - INTERNATIONAL STANDARD BOOK NUMBER
International Standard Book Number 9789812532534
050 ## - LIBRARY OF CONGRESS CALL NUMBER
Classification number HF 5549
Item number .D292 2007
100 ## - MAIN ENTRY--PERSONAL NAME
Personal name DeCenzo, David A.
245 ## - TITLE STATEMENT
Title Fundamentals of human resource management /
Statement of responsibility, etc David Decenzo and Stephen Robbins.
250 ## - EDITION STATEMENT
Edition statement 9th ed.
260 ## - PUBLICATION, DISTRIBUTION, ETC. (IMPRINT)
Place of publication, distribution, etc Quezon City, Philippines :
Name of publisher, distributor, etc C&E Publishing, Inc,
Date of publication, distribution, etc 2007.
300 ## - PHYSICAL DESCRIPTION
Extent 455 p. :
Other physical details ill. ;
Dimensions 24 cm.
521 ## - TARGET AUDIENCE NOTE
Target audience note
650 ## - SUBJECT ADDED ENTRY--TOPICAL TERM
Topical term or geographic name as entry element Personnel management.
700 ## - ADDED ENTRY--PERSONAL NAME
Personal name Robbins, Stephen P.
942 ## - ADDED ENTRY ELEMENTS (KOHA)
Koha item type Books
Source of classification or shelving scheme Library of Congress Classification
Call number prefix Foreign
Holdings
Withdrawn status Lost status Source of classification or shelving scheme Damaged status Home library Current library Shelving location Date acquired Source of acquisition Total Checkouts Full call number Barcode Date last seen Copy number Price effective from Koha item type
    Library of Congress Classification   College Library College Library General Circulation Section 09/15/2009     HF 5549 .D292 2007 C8643 05/15/2018 1 10/18/2013 Books

Fundamentals of human resource management /

APA

DeCenzo D. A., Robbins S. P., . (2007). Fundamentals of human resource management. Quezon City, Philippines: C&E Publishing, Inc.

Chicago

DeCenzo David A, Robbins Stephen P, . 2007. Fundamentals of human resource management. Quezon City, Philippines: C&E Publishing, Inc.

Harvard

DeCenzo D. A., Robbins S. P., . (2007). Fundamentals of human resource management. Quezon City, Philippines: C&E Publishing, Inc.

MLA

DeCenzo David A, Robbins Stephen P, . Fundamentals of human resource management. Quezon City, Philippines: C&E Publishing, Inc. 2007.

  • Place hold
  • Print
  • Cite
  • Add to your cart (remove)
  • Save record
    BIBTEX Dublin Core MARCXML MARC (non-Unicode/MARC-8) MARC (Unicode/UTF-8) MARC (Unicode/UTF-8, Standard) MODS (XML) RIS
  • More searches
    Search for this title in:
    Other Libraries (WorldCat) Other Databases (Google Scholar) Online Stores (Bookfinder.com) Open Library (openlibrary.org)

Exporting to Dublin Core...

SOUTHVILLE LIBRARY

Southville International School and Colleges Library

1281 Tropical Ave. Cor. Luxembourg St., BF Homes International, Las Pinas City

Tel. No. 8256374 / 252358 Loc. 117/146

Powered by Koha